<?xml version="1.0" encoding="UTF-8"?>
<collection xmlns="http://www.loc.gov/MARC21/slim">
 <record>
  <leader>01325nam a22002051  4500</leader>
  <controlfield tag="001">1/21792</controlfield>
  <controlfield tag="008">981014s1998    gr       bm    001  gre d</controlfield>
  <datafield tag="035" ind1=" " ind2=" ">
   <subfield code="l">22496</subfield>
  </datafield>
  <datafield tag="040" ind1=" " ind2=" ">
   <subfield code="a">GR-PeUP</subfield>
  </datafield>
  <datafield tag="082" ind1="0" ind2="0">
   <subfield code="a">332 ΧΑ</subfield>
  </datafield>
  <datafield tag="100" ind1="1" ind2=" ">
   <subfield code="a">Χασουράκης, Κωνσταντίνος Α.</subfield>
  </datafield>
  <datafield tag="245" ind1="1" ind2="0">
   <subfield code="a">Δικαιώματα αγοράς - πώλησης:</subfield>
   <subfield code="b">ανάλυση βασικών χαρακτηρηστικών χρηματοοικονομικών δικαιωμάτων αγοράς-πώλησης. Βασικές αρχές που συντελούν στον υπολογισμό της αξίας τους. Επίδραση στην τιμή τους απο εξωγεείς παράγοντες/</subfield>
   <subfield code="c">Κωνσταντίνος Α. Χασουράκης.</subfield>
  </datafield>
  <datafield tag="260" ind1=" " ind2=" ">
   <subfield code="a">[χ.τ.]:</subfield>
   <subfield code="b">[χ.ε.],</subfield>
   <subfield code="c">1998.</subfield>
  </datafield>
  <datafield tag="300" ind1=" " ind2=" ">
   <subfield code="a">229σ.:</subfield>
   <subfield code="b">πιν.;</subfield>
   <subfield code="c">30εκ.</subfield>
  </datafield>
  <datafield tag="502" ind1=" " ind2=" ">
   <subfield code="a">Διατριβές (Δ.Ε.)-- Πανεπιστήμιο Πειραιά. Τμήμα Οργάνωσης και Διοίκησης Επιχειρήσεων, 1998.</subfield>
  </datafield>
  <datafield tag="504" ind1=" " ind2=" ">
   <subfield code="a">Περιέχει βιβλιογραφία.</subfield>
  </datafield>
  <datafield tag="650" ind1=" " ind2="4">
   <subfield code="a">Αγορά χρήματος.</subfield>
  </datafield>
  <datafield tag="650" ind1=" " ind2="4">
   <subfield code="a">Χρηματοοικονομική.</subfield>
  </datafield>
  <datafield tag="650" ind1=" " ind2="4">
   <subfield code="a">Διατριβές.</subfield>
  </datafield>
  <datafield tag="852" ind1=" " ind2=" ">
   <subfield code="a">INST</subfield>
   <subfield code="b">UNIPILB</subfield>
   <subfield code="c">DISS</subfield>
   <subfield code="e">20040709</subfield>
   <subfield code="h">332 ΧΑ</subfield>
   <subfield code="p">00129662</subfield>
   <subfield code="q">00129662</subfield>
   <subfield code="t">NOLOAN</subfield>
   <subfield code="y">23</subfield>
   <subfield code="4">1</subfield>
  </datafield>
 </record>
</collection>
